Disabled access to facilities : a practical and comprehensive guide to a service provider's duties under Part III (2004) of the Disability Discrimination Act 1995 (Record no. 102518)
[ view plain ]
| 000 -LEADER | |
|---|---|
| fixed length control field | 01250cam a2200253 4500 |
| 008 - FIXED-LENGTH DATA ELEMENTS--GENERAL INFORMATION | |
| fixed length control field | 021111n2002 000 0 eng u |
| 020 ## - INTERNATIONAL STANDARD BOOK NUMBER | |
| International Standard Book Number | 0406964238 |
| 035 ## - SYSTEM CONTROL NUMBER | |
| System control number | (Sirsi) u120406 |
| 050 ## - LIBRARY OF CONGRESS CALL NUMBER | |
| Classification number | 725.54 |
| -- | 18 |
| 100 ## - MAIN ENTRY--PERSONAL NAME | |
| Personal name | Waterman, Ian |
| 245 ## - TITLE STATEMENT | |
| Title | Disabled access to facilities : a practical and comprehensive guide to a service provider's duties under Part III (2004) of the Disability Discrimination Act 1995 |
| 260 ## - PUBLICATION, DISTRIBUTION, ETC. | |
| Place of publication, distribution, etc. | Croydon |
| Name of publisher, distributor, etc. | Butterworth-Tolley |
| Date of publication, distribution, etc. | 2002 |
| 350 ## - PRICE (NR) (BK AM CF MU VM SE) [OBSOLETE] | |
| Price | 89 |
| 490 ## - SERIES STATEMENT | |
| Series statement | FM Law Series |
| 520 ## - SUMMARY, ETC. | |
| Summary, etc. | Provides a guide for service providers to the requirements of the Disability Discrimination Act 1995 considering the wider picture of access for people with disabilities, the legal framework, Part III of the Act, best practice guidance currently available, practical design solutions and access audit strategies. Includes three case studies. |
| 650 ## - SUBJECT ADDED ENTRY--TOPICAL TERM | |
| Topical term or geographic name entry element | DISABILITY DISCRIMINATION ACT 1995 |
| 650 ## - SUBJECT ADDED ENTRY--TOPICAL TERM | |
| Topical term or geographic name entry element | DISABILITY DISCRIMINATION ACT 1995 PART III |
| 650 ## - SUBJECT ADDED ENTRY--TOPICAL TERM | |
| Topical term or geographic name entry element | MANAGEMENT-BUSINESS MANAGEMENT-DISCRIMINATION-DISABILITY DISCRIMINATION-ACCESSIBILITY |
| 650 ## - SUBJECT ADDED ENTRY--TOPICAL TERM | |
| Topical term or geographic name entry element | PEOPLE WITH DISABILITIES |
| 650 ## - SUBJECT ADDED ENTRY--TOPICAL TERM | |
| Topical term or geographic name entry element | SERVICE PROVIDERS |
| 690 ## - LOCAL SUBJECT ADDED ENTRY--TOPICAL TERM (OCLC, RLIN) | |
| Topical term or geographic name as entry element | BUILT ENVIRONMENT-CONSTRUCTION DESIGN |
| 700 ## - ADDED ENTRY--PERSONAL NAME | |
| Personal name | Bell, Janet |
| 942 ## - ADDED ENTRY ELEMENTS (KOHA) | |
| Suppress in OPAC | 0 |
| Withdrawn status | Lost status | Source of classification or shelving scheme | Damaged status | Not for loan | Home library | Current library | Shelving location | Date acquired | Cost, normal purchase price | Total Checkouts | Full call number | Barcode | Date last seen | Date last checked out | Copy number | Cost, replacement price | Price effective from | Koha item type |
|---|---|---|---|---|---|---|---|---|---|---|---|---|---|---|---|---|---|---|
| Dewey Decimal Classification | London | London | Folio | 29/01/2003 | 67.15 | 15 | F725.54 WAT | 30068160 | 06/08/2019 | 05/05/2006 | 1 | 67.15 | 06/08/2019 | Book |